<?xml version="1.0" encoding="UTF-8"?>
<record
    xmlns:xsi="http://www.w3.org/2001/XMLSchema-instance"
    xsi:schemaLocation="http://www.loc.gov/MARC21/slim http://www.loc.gov/standards/marcxml/schema/MARC21slim.xsd"
    xmlns="http://www.loc.gov/MARC21/slim">

  <leader>00955nam a2200229 a 4500</leader>
  <controlfield tag="001">48162</controlfield>
  <controlfield tag="003">BD-RjUL</controlfield>
  <controlfield tag="005">20211209054454.0</controlfield>
  <controlfield tag="008">160813s1992    bg ||||| |||| 00| 0 ben d</controlfield>
  <datafield tag="020" ind1=" " ind2=" ">
    <subfield code="c">: 125.00</subfield>
  </datafield>
  <datafield tag="035" ind1=" " ind2=" ">
    <subfield code="a">(BD-RjUL)48281</subfield>
  </datafield>
  <datafield tag="040" ind1=" " ind2=" ">
    <subfield code="a">BD-RjUL</subfield>
    <subfield code="b">ben</subfield>
    <subfield code="c">BD-RjUL</subfield>
  </datafield>
  <datafield tag="041" ind1=" " ind2=" ">
    <subfield code="a">ben</subfield>
  </datafield>
  <datafield tag="082" ind1=" " ind2=" ">
    <subfield code="2">23</subfield>
    <subfield code="a">631.3</subfield>
    <subfield code="b">MOT 1992</subfield>
  </datafield>
  <datafield tag="100" ind1="1" ind2=" ">
    <subfield code="a">&#x9AE;&#x9A8;&#x9CD;&#x9A1;&#x9B2;, &#x9AE;&#x9CB;&#x983; &#x9A8;&#x99C;&#x9B0;&#x9C1;&#x9B2; &#x987;&#x9B8;&#x9B2;&#x9BE;&#x9AE;</subfield>
    <subfield code="9">145913</subfield>
  </datafield>
  <datafield tag="245" ind1="1" ind2="0">
    <subfield code="a">&#x99F;&#x9CD;&#x9B0;&#x9BE;&#x995;&#x9CD;&#x99F;&#x9B0; &#x993; &#x995;&#x9C3;&#x9B7;&#x9BF;&#x9AF;&#x9A8;&#x9CD;&#x9A4;&#x9CD;&#x9B0;&#x9C7;&#x9B0; &#x9AC;&#x9CD;&#x9AF;&#x9AC;&#x9B9;&#x9BE;&#x9B0; &#x98F;&#x9AC;&#x982; &#x9B0;&#x995;&#x9CD;&#x9B7;&#x9A8;&#x9BE;&#x9AC;&#x9C7;&#x995;&#x9CD;&#x9B7;&#x9A3; &#x9A4;&#x9A4;&#x9CD;&#x9A4;&#x9CD;&#x9AC; /</subfield>
  </datafield>
  <datafield tag="260" ind1=" " ind2=" ">
    <subfield code="a">&#x9AC;&#x997;&#x9C1;&#x9A1;&#x9BC;&#x9BE; :</subfield>
    <subfield code="b">&#x9AE;&#x9BF;&#x9B8;&#x9C7;&#x9B8; &#x986;&#x9AB;&#x9CD;&#x9B0;&#x9CB;&#x99C;&#x9BE; &#x9AC;&#x9C1;&#x9B2;&#x9AC;&#x9C1;&#x9B2; &#x9B2;&#x9BE;&#x9AF;&#x9BC;&#x9B2;&#x9BE;, </subfield>
    <subfield code="c">&#x9E7;&#x9EF;&#x9EF;&#x9E8;</subfield>
  </datafield>
  <datafield tag="300" ind1=" " ind2=" ">
    <subfield code="a">&#x9E8;&#x9E6;&#x9EE; &#x9AA;&#x9C3;. :</subfield>
    <subfield code="b">&#x99A;&#x9BF;&#x9A4;&#x9CD;&#x9B0; ;</subfield>
    <subfield code="c">&#x9E8;&#x9EB; &#x9B8;&#x9C7;&#x9AE;&#x9BF;.</subfield>
  </datafield>
  <datafield tag="650" ind1=" " ind2=" ">
    <subfield code="a">&#x995;&#x9C3;&#x9B7;&#x9BF; &#x9B8;&#x9B0;&#x99E;&#x9CD;&#x99C;&#x9BE;&#x9AE;, &#x9AF;&#x9A8;&#x9CD;&#x9A4;&#x9CD;&#x9B0;&#x9AA;&#x9BE;&#x9A4;&#x9BF;</subfield>
    <subfield code="9">145914</subfield>
  </datafield>
  <datafield tag="650" ind1=" " ind2=" ">
    <subfield code="a">Agrcultural tools, machinery</subfield>
    <subfield code="9">145915</subfield>
  </datafield>
  <datafield tag="942" ind1=" " ind2=" ">
    <subfield code="2">ddc</subfield>
    <subfield code="c">BK</subfield>
  </datafield>
  <datafield tag="999" ind1=" " ind2=" ">
    <subfield code="c">48162</subfield>
    <subfield code="d">48162</subfield>
  </datafield>
  <datafield tag="952" ind1=" " ind2=" ">
    <subfield code="0">0</subfield>
    <subfield code="1">0</subfield>
    <subfield code="2">ddc</subfield>
    <subfield code="4">0</subfield>
    <subfield code="7">0</subfield>
    <subfield code="8">NFIC</subfield>
    <subfield code="a">RUCL</subfield>
    <subfield code="b">RUCL</subfield>
    <subfield code="c">Stack</subfield>
    <subfield code="d">1993-01-14</subfield>
    <subfield code="e">Najrul Islam, Natore</subfield>
    <subfield code="g">125.00</subfield>
    <subfield code="l">0</subfield>
    <subfield code="o">B 631.3 MOT 1992</subfield>
    <subfield code="r">2016-08-13 00:00:00</subfield>
    <subfield code="t">C-2</subfield>
    <subfield code="w">2016-08-13</subfield>
    <subfield code="y">BK</subfield>
  </datafield>
</record>
